|
|
|
|
| LEADER |
00000cam a2200000 7i4500 |
| 001 |
0000007977 |
| 002 |
000008635 |
| 005 |
20000330.0 |
| 020 |
|
|
|a 0538109106
|
| 090 |
0 |
0 |
|a 658.40302855
|b LEI
|
| 100 |
1 |
|
|a Leigh, William E
|
| 245 |
1 |
0 |
|a Decision support and expert systems
|c William E. Leigh, Michael E. Doherty
|
| 260 |
|
|
|a Cincinnati :
|b South-Western Pub. Co. ,
|c 1986
|
| 300 |
|
|
|a x, 454 p. :
|b ill. ;
|c 24 cm.
|
| 650 |
0 |
0 |
|a Decision making
|x Data processing
|
| 650 |
0 |
0 |
|a Expert systems (Computer science)
|
| 700 |
0 |
|
|a Doherty, Michael E
|
| 999 |
|
|
|a 020826
|b BUKU
|c PINJAMAN
|e PERPUSTAKAAN KOMUNITI PETALING JAYA
|